|
|
|
|
| LEADER |
00588cam a2200181 7i4500 |
| 001 |
0000025059 |
| 005 |
20101101090000.0 |
| 020 |
0 |
0 |
|a 983-2473-22-5
|
| 090 |
0 |
0 |
|a B 332.4609595
|b MAH
|
| 100 |
1 |
0 |
|a Mahani Zainal Abidin
|
| 245 |
1 |
0 |
|a Rewriting the rules :
|b the Malaysian crisis management model.
|
| 260 |
0 |
0 |
|a Petaling Jaya, Selangor:
|b Prentice Hall,
|c 2002.
|
| 300 |
# |
# |
|a 303 p.
|
| 650 |
0 |
0 |
|a Malaysia --
|x Economic policy
|
| 650 |
0 |
0 |
|a Monetary policy --
|z Malaysia
|
| 650 |
0 |
0 |
|a Crisis management --
|z Malaysia
|
| 651 |
0 |
0 |
|a Malaysia
|
| 999 |
|
|
|a B000027645
|b Book
|c Book
|e Business Information Centre
|